IFM Opac

Entrepreneurship (Record no. 22097)

MARC details
000 -LEADER
fixed length control field 00413nam a22001697a 4500
020 ## - INTERNATIONAL STANDARD BOOK NUMBER
ISBN 978-0-07-062017-9
082 ## - DEWEY DECIMAL CLASSIFICATION NUMBER
Classification number 338.04
100 ## - MAIN ENTRY--AUTHOR NAME
Personal name Hisrich, Robert D.
245 ## - TITLE STATEMENT
Title Entrepreneurship
250 ## - EDITION STATEMENT
Edition statement 6th
260 ## - PUBLICATION, DISTRIBUTION, ETC. (IMPRINT)
Place of publication New Delhi:
Name of publisher Tata McGraw-Hill,
Year of publication 2012
300 ## - PHYSICAL DESCRIPTION
Number of Pages xx, 591p.: ill.; 24 cm
500 ## - GENERAL NOTE
General note TABLE OF CONTENT:
700 ## - ADDED ENTRY--PERSONAL NAME
Personal name Peters, Michael P
700 ## - ADDED ENTRY--PERSONAL NAME
Personal name Shepherd, Dean A
942 ## - ADDED ENTRY ELEMENTS (KOHA)
Koha item type Books
Holdings
Withdrawn status Lost status Damaged status Not for loan Collection code Permanent Location Current Location Shelving location Date acquired Source of acquisition Full call number Accession Number Price effective from Koha item type
        Non-fiction IFM Main Campus Library IFM Main Campus Library Work Room processing 08/21/2025 Donation 338.04 HIS 0000030222 08/21/2025 Books
        Non-fiction IFM Main Campus Library IFM Main Campus Library Work Room processing 08/21/2025 Donation 338.04 HIS 0000030221 08/21/2025 Books
        Non-fiction IFM Main Campus Library IFM Main Campus Library Work Room processing 08/21/2025 Donation 338.04 HIS 0000030223 08/21/2025 Books
        Non-fiction IFM Main Campus Library IFM Main Campus Library Work Room processing 08/21/2025 Donation 338.04 HIS 0000030220 08/21/2025 Books
        Non-fiction IFM Main Campus Library IFM Main Campus Library Work Room processing 08/21/2025 Donation 338.04 HIS 0000030225 08/21/2025 Books
        Non-fiction IFM Main Campus Library IFM Main Campus Library Work Room processing 08/21/2025 Donation 338.04 HIS 0000030224 08/21/2025 Books